| 000 | 00533pam a2200193 a 4500 | ||
|---|---|---|---|
| 020 |
_a0781767245 _c5520.00 |
||
| 041 |
_aeng _hNULL |
||
| 082 |
_a618.1 _bSPE/FRI |
||
| 100 | _aSPEROFF, L . | ||
| 245 |
_aCLINICAL GYNAECOLOGIC ENDOCRINOLOGY & INFERTILITY / _cNULL. _hTextual Documents |
||
| 250 |
_a7 / _b. |
||
| 260 |
_aNULL : _bLIPPINCOTT WILLIAMS & WILKINS , _c2005. |
||
| 300 |
_a1333 : _bXI ; _cNULL . |
||
| 365 | _a5520.00 | ||
| 700 | _aFRITZ, M . | ||
| 930 | _a1424 | ||
| 999 |
_c795960 _d795960 |
||
| 650 | _aOBST.GYNE | ||